| 000 | 00452nam a22001817a 4500 | ||
|---|---|---|---|
| 003 | OSt | ||
| 008 | 250702b |||||||| |||| 00| 0 eng d | ||
| 020 | _a9789351640035 | ||
| 082 | _a547 JAP | ||
| 100 | _aJain, Kishor.S | ||
| 245 | _aPharmaceutical Organic Chemistry : sem 1 & 2 | ||
| 250 | _a4th | ||
| 260 |
_aN.Delhi _bNirali _c2019 |
||
| 300 | _a9.32 | ||
| 650 | _aPharmaceutical Organic Chemistry | ||
| 700 | _aManiyar & Shaikh | ||
| 942 | _2ddc | ||
| 999 |
_c13661 _d13661 |
||